Public relations jako ovlivňování mínění : Jak úspěšně ovlivňovat a nenechat se zmanipulovat

Enregistré dans:
Détails bibliographiques
Auteur principal: Ftorek, Jozef (Auteur)
Format: Livre
Langue:tchèque
Publié: Praha : Grada Publishing, 2007
Édition:1. vyd
Sujets:
Accès en ligne:OBSAH
Tags: Ajouter un tag
Pas de tags, Soyez le premier à ajouter un tag!

MARC

LEADER 00000nam a22000003a 4500
001 stu138615
005 20190206132435.1
008 070306s2007----xr------------------cze-d
020 |a 978-80-247-1903-0 
040 |a STU  |b slo 
041 0 |a cze 
044 |a xr 
080 |a 659 
100 1 |a Ftorek, Jozef  |4 aut 
245 1 |a Public relations jako ovlivňování mínění :  |b Jak úspěšně ovlivňovat a nenechat se zmanipulovat 
250 |a 1. vyd 
260 |a Praha :  |b Grada Publishing,  |c 2007 
300 |a 165 s 
650 7 |a Public Relations  |2 estusub 
650 7 |a verejná mienka  |2 stusub 
856 4 |a https://sweb.mtf.stuba.sk/obsahy/public_relations_jako_ovlivnovani_mineni_07.pdf  |u https://sweb.mtf.stuba.sk/obsahy/public_relations_jako_ovlivnovani_mineni_07.pdf  |3 OBSAH 
996 |b 284M075878  |c M*12083-1  |l MMKN  |s A  |a 24  |w stu138615_0001 
996 |b 284M075879  |c M*12083-2  |l MMKN  |s A  |a 24  |w stu138615_0002